[Event "AUTO-OPEN-2623"]
[Site "http://www.queenalice.com/game.php?id=1034837"]
[Date "2012.3.1"]
[Round "1"]
[White "Alffamed"]
[Black "maurice91"]
[Result "0-1"]
[WhiteElo "1374"]
[BlackElo "1745"]

1. b3 c5 2. Bb2 d5 3. e3 Nc6 4. Bb5 e6 5. Bxc6+ bxc6 6. Nf3 Nf6 7. h3 Be7 8. Ne5
Bb7 9. d3 d4 10. e4 Bd6 11. f4 Qc7 0-1

[Event "AUTO-OPEN-2623"]
[Site "http://www.queenalice.com/game.php?id=1034838"]
[Date "2012.3.1"]
[Round "1"]
[White "maurice91"]
[Black "Alffamed"]
[Result "1-0"]
[WhiteElo "1743"]
[BlackElo "1376"]

1. d4 d5 2. c4 dxc4 3. Nc3 e6 4. e4 Bb4 5. Bxc4 a6 6. Ne2 Nc6 7. Be3 Bxc3+ 8.
bxc3 Nge7 9. O-O b5 10. Bd3 h6 11. a4 bxa4 12. Rxa4 1-0

[Event "AUTO-OPEN-2623"]
[Site "http://www.queenalice.com/game.php?id=1034840"]
[Date "2012.3.1"]
[Round "1"]
[White "rrainey22"]
[Black "Alffamed"]
[Result "1-0"]
[WhiteElo "1684"]
[BlackElo "1255"]

1. b3 d5 2. Bb2 e6 3. d4 f6 4. g3 Bb4+ 5. c3 Bd6 6. Bg2 Ne7 7. Nd2 b5 8. e4 Bb7
9. exd5 Nxd5 10. Nh3 Ne3 11. fxe3 1-0

[Event "AUTO-INT-2264"]
[Site "http://www.queenalice.com/game.php?id=1035082"]
[Date "2012.3.2"]
[Round "1"]
[White "yannigator"]
[Black "Alffamed"]
[Result "1-0"]
[WhiteElo "1522"]
[BlackElo "1343"]

1. d4 d5 2. Nf3 Nc6 3. e3 Bg4 4. Be2 h6 5. h3 Bh5 6. c4 Nf6 7. O-O e6 8. cxd5
Nxd5 9. Nc3 a6 10. Ne5 Bxe2 11. Qxe2 Nxc3 12. bxc3 b5 13. Nxc6 Qd6 14. Nb4 c5
15. Nd3 1-0

[Event "AUTO-INT-2264"]
[Site "http://www.queenalice.com/game.php?id=1035083"]
[Date "2012.3.2"]
[Round "1"]
[White "Alffamed"]
[Black "yannigator"]
[Result "0-1"]
[WhiteElo "1334"]
[BlackElo "1531"]

1. b3 e6 2. Bb2 d5 3. e3 c5 4. Nf3 Nc6 5. Bb5 Bd7 6. O-O a6 7. Bxc6 Bxc6 8. Ne5
f6 9. Nxc6 bxc6 10. d3 Bd6 11. f4 Ne7 12. Nd2 O-O 13. c4 Nf5 14. Nf3 Nxe3 15.
Qe2 Nxf1 0-1

[Event "AUTO-INT-2264"]
[Site "http://www.queenalice.com/game.php?id=1035098"]
[Date "2012.3.2"]
[Round "1"]
[White "vinoseco"]
[Black "Alffamed"]
[Result "1-0"]
[WhiteElo "1507"]
[BlackElo "1348"]

1. e4 c5 2. Bc4 Nc6 3. Qf3 Ne5 4. Qc3 Nxc4 5. Qxc4 e5 6. d3 Nf6 7. Bg5 a6 8. Nf3
b5 9. Qc3 d6 10. O-O b4 11. Qd2 Be7 12. Bxf6 Bxf6 13. c3 bxc3 14. Qxc3 1-0

[Event "AUTO-INT-2264"]
[Site "http://www.queenalice.com/game.php?id=1035099"]
[Date "2012.3.2"]
[Round "1"]
[White "Alffamed"]
[Black "vinoseco"]
[Result "0-1"]
[WhiteElo "1358"]
[BlackElo "1497"]

1. b3 e5 2. Bb2 d6 3. e3 Be7 4. g3 Nf6 5. Bg2 O-O 6. d4 Bf5 7. Bxb7 Be4 8. Bxa8
Bxa8 9. f3 e4 10. d5 exf3 11. Nxf3 Bxd5 12. Nbd2 Ng4 13. O-O Qd7 0-1

[Event "AUTO-INT-2264"]
[Site "http://www.queenalice.com/game.php?id=1035110"]
[Date "2012.3.2"]
[Round "1"]
[White "Alffamed"]
[Black "nuage"]
[Result "0-1"]
[WhiteElo "1328"]
[BlackElo "1492"]

1. b3 e5 2. Bb2 Nc6 3. f3 Bc5 4. e3 Nf6 5. Bb5 Nd5 6. Bxc6 dxc6 7. a3 O-O 8. b4
Be7 9. c4 Nf6 10. Bxe5 Be6 11. c5 Nd5 12. Ne2 f6 13. Bb2 f5 14. O-O Bf6 15. Nd4
f4 16. Nxe6 Qe7 17. Nxf8 Bxb2 0-1

[Event "AUTO-INT-2264"]
[Site "http://www.queenalice.com/game.php?id=1035111"]
[Date "2012.3.2"]
[Round "1"]
[White "nuage"]
[Black "Alffamed"]
[Result "1-0"]
[WhiteElo "1482"]
[BlackElo "1338"]

1. e4 c5 2. c3 a6 3. Bc4 Nc6 4. d3 b5 5. Bd5 Bb7 6. Qf3 e6 7. Bb3 Ne5 8. Qe2 Nf6
9. Bg5 Be7 10. f4 Nc6 11. e5 Nd5 12. Nf3 h6 13. Bxe7 Ncxe7 14. Nbd2 Nxf4 15. Qf1
O-O 16. O-O-O d5 17. c4 dxc4 18. dxc4 b4 19. g3 1-0

[Event "AUTO-INT-2265"]
[Site "http://www.queenalice.com/game.php?id=1035681"]
[Date "2012.3.4"]
[Round "1"]
[White "Kalev17"]
[Black "Alffamed"]
[Result "1-0"]
[WhiteElo "1599"]
[BlackElo "1288"]

1. d4 d5 2. Nf3 e6 3. Bf4 Nc6 4. e3 Nf6 5. c4 b6 6. Nc3 Bd6 7. Bxd6 cxd6 8. cxd5
Nxd5 9. Bb5 Bd7 10. Qa4 Rc8 11. Nxd5 exd5 12. Rc1 1-0

[Event "AUTO-INT-2265"]
[Site "http://www.queenalice.com/game.php?id=1035682"]
[Date "2012.3.4"]
[Round "1"]
[White "Alffamed"]
[Black "Kalev17"]
[Result "0-1"]
[WhiteElo "1284"]
[BlackElo "1603"]

1. b3 d5 2. Bb2 c5 3. e3 Nc6 4. Bb5 e6 5. Bxc6+ bxc6 6. Nf3 Bd6 7. d3 Nf6 8. h3
O-O 9. O-O Re8 10. Ne5 Qc7 11. c4 Bxe5 12. d4 cxd4 0-1

[Event "AUTO-INT-2265"]
[Site "http://www.queenalice.com/game.php?id=1035695"]
[Date "2012.3.4"]
[Round "1"]
[White "Slazenger"]
[Black "Alffamed"]
[Result "1-0"]
[WhiteElo "1498"]
[BlackElo "1253"]

1. e4 c5 2. Bc4 Nc6 3. Qf3 Ne5 4. Qe2 a6 5. Bd3 b5 6. Qe3 c4 7. Be2 Bb7 8. d4
Ng6 9. Nf3 e6 10. b3 Bb4+ 11. c3 1-0

[Event "AUTO-INT-2265"]
[Site "http://www.queenalice.com/game.php?id=1035696"]
[Date "2012.3.4"]
[Round "1"]
[White "Alffamed"]
[Black "Slazenger"]
[Result "0-1"]
[WhiteElo "1247"]
[BlackElo "1504"]

1. b3 e5 2. Bb2 Nc6 3. e3 d5 4. Bb5 Bd7 5. Nf3 e4 6. Nd4 Nxd4 7. Bxd7+ Qxd7 8.
Bxd4 f6 9. h3 c5 10. Bb2 d4 11. exd4 cxd4 0-1

[Event "AUTO-INT-2265"]
[Site "http://www.queenalice.com/game.php?id=1035703"]
[Date "2012.3.4"]
[Round "1"]
[White "Rijo"]
[Black "Alffamed"]
[Result "1-0"]
[WhiteElo "1312"]
[BlackElo "1223"]

1. e3 d5 2. Nc3 e6 3. d4 Bb4 4. Bd2 a6 5. a3 Bxc3 6. bxc3 Ne7 7. Qf3 h6 8. Ne2
O-O 9. g3 f5 10. Rb1 b5 11. Bh3 Nd7 12. Nf4 Bb7 13. Nxe6 1-0

[Event "AUTO-INT-2265"]
[Site "http://www.queenalice.com/game.php?id=1035704"]
[Date "2012.3.4"]
[Round "1"]
[White "Alffamed"]
[Black "Rijo"]
[Result "0-1"]
[WhiteElo "1237"]
[BlackElo "1298"]

1. b3 e6 2. Bb2 f6 3. e4 Bd6 4. d4 b6 5. Nf3 Bb7 6. Nbd2 Bb4 7. c3 Bd6 8. Bc4 f5
9. e5 Bxe5 10. dxe5 d6 11. Bxe6 dxe5 12. Bxf5 Ne7 13. Bg4 e4 0-1